000 00802nam a2200265Ia 4500
003 OSt
005 20221005093052.0
006 a|||||r|||| 00| 0
007 ta
008 221004b |||||||| |||| 00| 0 eng d
020 _a9780312360160 (hbk)
_c995
024 _a102818
037 _b148, 20/02/2010, Standard Book House
_cTextual
040 _aCRL
_cCRL
_beng
041 _2eng
_aeng
082 _aV73y7N46, P6
100 _aLindorff Dave
_9618072
245 0 _aCase for impeachment
260 _aNew York
_bThomas Dunne Books USA
_c2006
300 _axii,275p.
_ccm.
650 _aHISTORY
700 _a Olshansky Barbara
_9618073
942 _hV73y7N46, P6
_cTEXL
_2cc
999 _c999792
_d999792